| 000 | 00382nam a2200133Ia 4500 | ||
|---|---|---|---|
| 008 | 220217s9999||||xx |||||||||||||| ||und|| | ||
| 020 | _a0-19-569241-1 | ||
| 082 | _a005.13 FLO | ||
| 100 |
_aFlowers, Brian, H _95942 |
||
| 245 | 0 | _aIntroduction numerical methods in C++ | |
| 260 |
_aOxford university prees _bNew Delhi _c2008 |
||
| 300 | _b350 | ||
| 650 | _aPROGRAMMING LANGUAGE | ||
| 999 |
_c177168 _d177168 |
||